[Event "IBCA EU-chT blind 2nd"]
[Site "Calimanesti"]
[Date "2019.10.05"]
[Round "1.4"]
[White "Dima, Mihai"]
[Black "Canea, Petrea"]
[Result "1-0"]
[WhiteElo "1991"]
[BlackElo "1768"]
[PlyCount "27"]
[EventDate "2019.10.05"]
[EventType "team-swiss"]
[EventRounds "9"]
[EventCountry "ROU"]
[SourceTitle "CBM 192 Extra"]
[Source "Chessbase"]
[SourceDate "2019.11.06"]
[SourceVersion "1"]
[SourceVersionDate "2019.11.06"]
[SourceQuality "1"]
[WhiteTeam "Romania"]
[BlackTeam "Romania II"]
[WhiteTeamCountry "ROU"]
[BlackTeamCountry "ROU"]

1. e4 Nf6 2. e5 Nd5 3. Nc3 Nxc3 4. bxc3 d5 5. d4 c5 6. Be3 Nc6 7. f4 c4 8. Nf3 Bf5 9. Be2 e6 10. 0-0 Be7 11. Ne1 Qa5 12. Qd2 0-0 13. g4 Bg6 14. f5 1-0